| 000 | 01495nam a22002417a 4500 | ||
|---|---|---|---|
| 001 | 9750 | ||
| 003 | FISKH | ||
| 005 | 20260204155409.0 | ||
| 008 | 260204b cb ||||| |||| 00| 0 eng d | ||
| 020 | _a9781107626867 | ||
| 040 |
_aFISKH _beng _cFISKH _dFISKH |
||
| 050 | _aPZ7 | ||
| 082 | _a428.2 | ||
| 100 |
_aBoylan, Jane _eAuthor |
||
| 245 |
_aCambridge global English activity book 6 / _cJane Boylan and Claire Medwell |
||
| 260 |
_aCambridge : _bCambridge University Press , _c2014 |
||
| 300 |
_a111 pages : _billustrations ; _c28 cm |
||
| 520 | _aCambridge Global English (1-6) is a six-level Primary course following the Cambridge Primary English as a Second Language Curriculum Framework developed by Cambridge English Language Assessment. Activity Book 6 provides additional practice activities to consolidate language skills and content material introduced in Learner's Book 6. Nine units correspond with the topics, texts and language input of Learner's Book 6 with each lesson of the Learner's Book supported by two pages in the Activity Book. Learning is reinforced through activities clearly framed within the 'I can' objectives of the course, opportunities for personalisation and creative work and a higher level of challenge to support differentiation. Each unit in the Activity Book ends with revision and opportunity for self-assessment. CEFR Level: A2 towards B1. | ||
| 650 | _aLearner's book | ||
| 700 |
_aMedwell, Claire _eAuthor |
||
| 942 |
_2ddc _cBK _n0 |
||
| 999 |
_c9750 _d9750 |
||